000 00327nam a2200133Ia 4500
008 240624s9999 xx 000 0 und d
041 _aeng
082 _a658.422 CAR
100 _aCARVER JOHN
245 _aJOHN CARVER ON BOARD LEADERSHIP
260 _c2001
_aSan Francisco
_bJossey-Bass
300 _a720 : p.
365 _c
_b30
999 _c17491
_d17491